000 01157nam a2200325 i 4500
003 EG-GICUC
005 20260121101651.0
008 260105s2003 ua ||||f |||| 00| 0 ara d
017 _a2003/19747
020 _a9770443220
040 _a EG-GICUC
_bara
_c EG-GICUC
_d EG-GICUC
_erda
041 _aara
082 0 4 _221
_a345.7
_bأ ح . ع
092 0 4 _221
099 _aLaw1 07 345.7 أ ح . ع 2003
100 0 _aأحمد سلامة بدر
_eمؤلف.
245 1 2 _aالعقود الإدارية وعقد البوت B-O-T /
_cدكتور أحمد سلامة بدر .
264 1 _aالقاهرة :
_bدار النهضة العربية ،
_c2003 .
300 _a416 ؛ صفحة
_c24 سم
336 _2rda content
_atext
337 _2rda media
_aComputer
338 _2rda carrier
_aOnline Resource
504 _a. 416-406 ببليوجرافيا: صفحات.
504 _aيشتمل على إرجاعات ببليوجرافية
650 1 4 _aالعقود الإدارية
_xالقانون الإداري
_2qrmak
651 1 _2qrmak
856 4 0 _uhttps://fll.law.cu.edu.eg/fulltext/bks/B07-02506.pdf
905 _a61
942 _2ddc
_cBK
_e21
_n0
999 _c54744
_d54744